| 000 | 00547nam a2200181Ia 4500 | ||
|---|---|---|---|
| 008 | 210719s2020 xx 000 0 und d | ||
| 020 | _a978-93-86797-83-4 | ||
| 041 | _aeng | ||
| 082 | _a820.33 DESS | ||
| 100 | _aDE (Shobhaa) | ||
| 245 | _aSrilaaji:the gilded life and longings of a marwari goodwife | ||
| 260 |
_aLondon _bSimon & Schuster _c2020 |
||
| 300 |
_a263 _bPB |
||
| 365 |
_b399 _cRs |
||
| 650 | _aIndian English Fiction | ||
| 650 | _aIndian English Fiction | ||
| 906 | _agilded ; goodwife ; life ; longings ; marwari ; Srilaaji:the | ||
| 999 |
_c211745 _d211745 |
||